| 000 | 02073cam a22003974i 4500 | ||
|---|---|---|---|
| 003 | PE-LiUPU | ||
| 005 | 20250731173210.0 | ||
| 008 | 150625s1979 sp r 000 0 spa d | ||
| 035 | _a(Sirsi) a31996 | ||
| 040 |
_aPE-LiUPU _bspa _cPE-LiUPU _erda |
||
| 082 | 0 | 4 |
_a220.66 _bS79 _221 |
| 245 | 0 | 4 | _aExegesis Biblica. |
| 264 | 1 |
_aMadrid : _bEdiciones Paulinas, _c1979. |
|
| 300 |
_a199 páginas ; _c21 centímetros |
||
| 336 |
_atext _2rdacontent |
||
| 337 |
_aunmediated _2rdamedia |
||
| 338 |
_avolume _2rdacarrier |
||
| 505 | 0 | _aLa sentencia contra la serpiente -- Cain, los kenitas y Yave -- Los hijos de Dios -- ¿Por que la confusion de lenguas en Babel? -- La alianza de Abraham -- Abrahm y el santuario de Mambre -- Los doce hijos de Jacob -- La pascua de Israel -- Y atravesaron el Jordan -- ¿Angeles en los campos de Belen? -- Una curacion y tres relatos. -Desde ahora seras pescador de hombres -- Una invitacion con consecuencias -- La resurreccion del Joven de Naim. -La entrada de Jesus en Jerusalen: ¿Una marcha triunfal? -- ¿Quien es el culpable de la muerte de Jesus? -- La fecha de la pasion de Jesus -- ¿Porque buscais entre los muertos al que esta vivo?. -Como fue el encuentro con Jesus. -La ascencion de Jesus: ¿Una invencion? -- Quedaron todos llenos del Espiritu Santo -- Tras las huellas de los copistas -- Tras las huellas de los copistas. | |
| 526 | _aSEG42 | ||
| 526 | _aSEG41 | ||
| 526 | _aSEG40 | ||
| 526 | _aSEG39 | ||
| 526 | _aP94 | ||
| 526 | _aP87 | ||
| 526 | _aP86 | ||
| 526 | _aP85 | ||
| 526 | _aP77 | ||
| 526 | _aP76 | ||
| 526 | _aP35 | ||
| 630 |
_aBiblia _xEstudio y enseñanza. |
||
| 942 |
_2ddc _cBOOK |
||
| 949 |
_a220.66 S79 _wDEWEY _c1 _i39101 _lCCODEBUL1 _mBUL _p20.00 _r0 _sY _tBOOK _u2015-06-25 _xBIBLIOTECA _zUNKNOWN _0COMPRA _o.STAFF. Colección Teología |
||
| 596 | _a1 | ||
| 999 |
_a220.66 S79 _wDEWEY _c39605 _i39101 _d39605 _e2019-8-13 _f2021-11-9 _g5 _lCCODEBUL1 _mBUL _n4 _p20.00 _q4 _r0 _sY _tBOOK _u2015-6-25 _xTEOLOGIA _PP35 _0COMPRA _o.STAFF. Colección Teología |
||
| 980 |
_81 _gALBERTO SANCHEZ Responsable de Automatización |
||